000 00573nam a2200193Ia 4500
005 20260114185823.0
008 008 260114s9999 xx 000 0 eng d
020 _a9780755608843
037 _aEBOOK
040 _aCRL
_beng
_cCRL
041 _aeng
_2eng
084 _qCRL
100 _a™zlem Bel‡im Galip
_9874802
245 0 _aImagining Kurdistan Identity, Culture and Society
260 _bBloomsbury
_c2015
856 _uhttps://doi.org/10.5040/9780755608843?locatt=label:secondary_bloomsburyCollections
942 _cEBOOK
999 _c1473736
_d1473736